MARC

LEADER 00000cam a2200000 a 4500
001 vtls010174811
003 SK-MaSNL
005 20260331205804.0
008 180801s2009 xo o g c 000 0dslo
015 |a SNBE2013 
020 |a 9788088851295  |q (brož.) 
040 |a SNK  |b slo  |c SNK  |e AACR2 
041 0 |a slo  |a eng 
043 |a e-hu---  |a e-xo--- 
044 |a xo  |c SK 
072 7 |a 72/76  |x Výtvarné umenie  |2 konspekt 
080 |a 75.041.5  |2 2001 
080 |a 741.047  |2 2001 
080 |a 75.047  |2 2001 
080 |a (439)  |2 2001 
080 |a (083.82)  |2 2001 
080 |a 741/744(439)  |2 2001 
080 |a 75(439)  |2 2001 
080 |a 741.041.5  |2 2001 
080 |a 7.036/.038  |2 2001 
080 |a (437.6)  |2 2001 
080 |a (041)  |2 2001 
080 |a 741/744(437.6)  |2 2001 
080 |a 75(437.6)  |2 2001 
100 1 |a Borúth, Andor,  |d 1873-1955  |4 art  |9 194129 
245 1 0 |a Andor Borúth  |b tatranský portrétista  |c [text: Jitka Haaková] 
250 |a [1. vyd.] 
260 |a Poprad  |b Tatranská galéria  |c 2009 
300 |a 72 s.  |b fotogr.  |c 26 cm 
366 |e 500 výt. 
500 |a Čiast. text angl. 
500 |a Obsahuje biogr. údaje 
504 |a Bibliografia s. 61-62 
600 1 7 |a Borúth, Andor,  |d 1873-1955  |2 SNKMA  |9 194129 
648 7 |a 19.-20. stor.  |2 SNKPH  |9 268609 
650 0 7 |a portrétne maliarstvo  |2 SNKPH  |9 83703 
650 0 7 |a maďarská kresba  |2 SNKPH  |9 65734 
650 0 7 |a maďarské maliarstvo  |2 SNKPH  |9 3118 
650 0 7 |a portrétna kresba  |2 SNKPH  |9 78237 
650 0 7 |a krajinárska kresba  |2 SNKPH  |9 98650 
650 0 7 |a krajinomaľba  |2 SNKPH  |9 86830 
650 0 7 |a moderné umenie  |2 SNKPH  |9 68456 
650 0 7 |a slovenská kresba  |2 SNKPH  |9 88536 
650 0 7 |a slovenské maliarstvo  |2 SNKPH  |9 3124 
650 0 7 |a Hungarian drawing  |2 SNKPHeng  |9 663031 
650 0 7 |a Slovak drawing  |2 SNKPHeng  |9 314850 
650 0 7 |a Hungarian painting  |2 SNKPHeng  |9 322495 
650 0 7 |a Slovak painting  |2 SNKPHeng  |9 302574 
650 0 7 |a Portrait drawing  |2 SNKPHeng  |9 409741 
650 0 7 |a Portrait painting  |2 SNKPHeng  |9 325384 
650 0 7 |a Landscape drawing  |2 SNKPHeng  |9 315283 
650 0 7 |a Landscape painting  |2 SNKPHeng  |9 404706 
650 0 7 |a Modern art  |2 SNKPHeng  |9 294689 
651 7 |a Maďarsko  |2 SNKPH  |9 16754 
651 7 |a Slovensko  |2 SNKPH  |9 14231 
651 7 |a Hungary  |2 SNKPHeng  |9 265263 
651 7 |a Slovakia  |2 SNKPHeng  |9 92630 
655 7 |a katalógy  |2 SNKPH  |9 60821 
655 7 |a brožúry  |2 SNKPH  |9 70146 
655 7 |a Catalogs  |2 SNKPHeng  |9 266059 
655 7 |a Brochures  |2 SNKPHeng  |9 283327 
700 1 |a Haaková, Jitka,  |d 1943-  |4 aut  |9 114608 
852 |a Štátna vedecká knižnica v Banskej Bystrici 
919 |a 978-80-88851-29-5 
958 |a BX 
958 |a HU 
958 |a NB 
999 |c 1024461  |d 1026391 
952 |a SNK  |b SNK  |y PREZ  |7 0  |p 17A0684077  |o snkOSB 16065  |i snk2010/27997  |8 0  |0 0  |1 0  |4 0  |d 2010-12-17  |l 0  |r 2026-02-24 13:34:53  |w 2026-02-24 
952 |a SNK  |b SNK  |y VYP  |7 0  |p 17A0684076  |o snkOSB 16065 D1  |i snk2010/27998  |8 0  |0 0  |1 0  |4 0  |d 2010-12-17  |l 0  |r 2026-02-24 13:34:53  |w 2026-02-24